000 00519cam a22002171 4500
001 sa 65002244
003 DLC
005 20260227112115.0
008 810815s19uu xx 000 0 san
010 _asa 65002244
035 _a(OCoLC)14807484
040 _aDLC
_cDNLM
_dDLC
042 _apremarc
050 0 0 _aR127.2
_b.H3
060 0 0 _aWB 50 JI4
_bH14s
100 1 _aHalasikar, D. A.
245 1 0 _aSūkti sangraha.
260 _c[19- ]
300 _a56 p.
500 _aIn Sanskrit; explanations in Kannada.
999 _c62544
_d62544